| 000 | 00383nam a22001457a 4500 | ||
|---|---|---|---|
| 020 | _a9788177583533 | ||
| 040 | _cNUST | ||
| 082 | _a621.3813 LIA | ||
| 100 |
_aLiao, Samuel Y. _965126 |
||
| 245 | _aMicrowave Devices and Circuits | ||
| 250 | _a3rd Edition | ||
| 260 |
_aNew Delhi: _bPearson Education, _c2013. |
||
| 650 |
_aMicrowave Devices and Circuits _991815 |
||
| 942 |
_2ddc _cBK |
||
| 999 |
_c589950 _d589950 |
||